[Event "SK Rothenburg e.V. 1-SC Bad Windsheim 19"]
[Site "?"]
[Date "2013.02.11"]
[Round "7.1"]
[White "Pfitzinger, Leonhard"]
[Black "Engelmann, Wolfgang"]
[Result "1/2-1/2"]
[WhiteElo "1954"]
[BlackElo "2040"]
[PlyCount "86"]
[EventDate "2013.??.??"]
[WhiteTeam "SC Bad Windsheim 1920 e.V. 1"]
[BlackTeam "SK Rothenburg e.V. 1"]

1. d4 Nf6 2. Nf3 g6 3. c4 Bg7 4. Nc3 O-O 5. Bg5 d6 6. e3 Nbd7 7. Be2 c6 8. O-O
h5 9. Qc2 Nh7 10. Bh4 Bh6 11. Bd3 Ndf6 12. Bxf6 Nxf6 13. h4 Kg7 14. e4 Bg4 15.
Ng5 e5 16. f3 exd4 17. Ne2 Nh7 18. fxg4 Nxg5 19. hxg5 Bxg5 20. g3 Be3+ 21. Kg2
hxg4 22. Rh1 Qg5 23. Rh4 Rh8 24. Rah1 Rh5 25. Rxh5 gxh5 26. Qd1 Rh8 27. Qf1 h4
28. Qf5 h3+ 29. Kf1 Qxf5+ 30. exf5 Kf6 31. Bc2 Rh5 32. Ke1 Ke5 33. Kd1 d5 34.
cxd5 Kxd5 35. Nc1 c5 36. b3 b5 37. Bd3 c4 38. bxc4+ bxc4 39. Be2 Rg5 40. a4
Bxc1 41. Kxc1 d3 42. Bd1 Kd4 43. Rf1 c3 1/2-1/2

[Event "SK Rothenburg e.V. 1-SC Bad Windsheim 19"]
[Site "?"]
[Date "2013.02.11"]
[Round "7.2"]
[White "Zeltner, Ottmar"]
[Black "Auth, Bernhard"]
[Result "1/2-1/2"]
[WhiteElo "2083"]
[BlackElo "1830"]
[PlyCount "95"]
[EventDate "2013.??.??"]
[WhiteTeam "SK Rothenburg e.V. 1"]
[BlackTeam "SC Bad Windsheim 1920 e.V. 1"]

1. e4 c6 2. d4 d5 3. exd5 cxd5 4. Bd3 Nc6 5. c3 Qc7 6. Nf3 Nf6 7. O-O Bg4 8. h3
Bh5 9. Bg5 Ne4 10. g4 Nxg5 11. Nxg5 Bg6 12. Bxg6 hxg6 13. Qf3 e6 14. Nd2 Bd6
15. Rae1 Bf4 16. Nxe6 fxe6 17. Rxe6+ Ne7 18. Rfe1 Bd6 19. c4 O-O-O 20. c5 Bh2+
21. Kg2 Nc6 22. Qd3 Rdf8 23. Nf3 Qf4 24. R6e2 Qxf3+ 25. Qxf3 Rxf3 26. Kxf3
Nxd4+ 27. Kg2 Nxe2 28. Rxe2 Bf4 29. Re7 Rg8 30. Kf3 Bg5 31. Re5 Bf6 32. Rxd5
Bxb2 33. h4 Kc7 34. Rd6 Rf8+ 35. Ke4 Rf6 36. Rxf6 gxf6 37. f4 Kd7 38. f5 g5 39.
h5 Ke7 40. Kd5 Be5 41. a4 Bc3 42. Kc4 Ba5 43. Kb5 Bc7 44. Kc4 Bd8 45. Kd5 Kf7
46. c6 bxc6+ 47. Kxc6 Be7 48. Kb7 1/2-1/2

[Event "SK Rothenburg e.V. 1-SC Bad Windsheim 19"]
[Site "?"]
[Date "2013.02.11"]
[Round "7.3"]
[White "Müller, Norbert"]
[Black "Zeltner, Gottfried"]
[Result "1/2-1/2"]
[WhiteElo "1950"]
[BlackElo "1896"]
[PlyCount "40"]
[EventDate "2013.??.??"]
[WhiteTeam "SC Bad Windsheim 1920 e.V. 1"]
[BlackTeam "SK Rothenburg e.V. 1"]

1. e4 e5 2. Nf3 Nc6 3. Bb5 a6 4. Ba4 Nf6 5. d4 exd4 6. O-O b5 7. Bb3 d6 8. Ng5
Ne5 9. f4 Nc4 10. Bxc4 bxc4 11. Qxd4 h6 12. Nf3 d5 13. exd5 Qxd5 14. Re1+ Be7
15. Nc3 Qxd4+ 16. Nxd4 Kf8 17. h3 Bb7 18. Be3 Bb4 19. Nf3 Kg8 20. Bd4 Bxf3
1/2-1/2

[Event "SK Rothenburg e.V. 1-SC Bad Windsheim 19"]
[Site "?"]
[Date "2013.02.11"]
[Round "7.4"]
[White "Diller, Peter"]
[Black "Cesinger, Sascha"]
[Result "1/2-1/2"]
[WhiteElo "2021"]
[BlackElo "1734"]
[PlyCount "112"]
[EventDate "2013.??.??"]
[WhiteTeam "SK Rothenburg e.V. 1"]
[BlackTeam "SC Bad Windsheim 1920 e.V. 1"]

1. e4 Nf6 2. e5 Nd5 3. Bc4 Nb6 4. Bb3 Nc6 5. Nf3 d6 6. exd6 exd6 7. d4 Be7 8.
c3 Bf5 9. Be3 O-O 10. O-O Na5 11. Nbd2 Nxb3 12. Qxb3 Bf6 13. c4 Rb8 14. Qc3 Qd7
15. b3 h6 16. Rad1 Nc8 17. Qc1 Ne7 18. Rfe1 Rfe8 19. Nf1 Bg4 20. Rd3 Bxf3 21.
gxf3 Qh3 22. Bd2 Nf5 23. Ng3 Nh4 24. Rxe8+ Rxe8 25. Qf1 Qxf1+ 26. Kxf1 Kf8 27.
f4 Ng6 28. f3 Ne7 29. Ne4 Bh4 30. d5 f5 31. Ng3 g6 32. Ba5 b6 33. Bc3 Ng8 34.
Ne2 a5 35. Nd4 Kf7 36. Ne6 Re7 37. b4 axb4 38. Bxb4 Nf6 39. Ra3 Ne8 40. Ra8 Rd7
41. Ke2 Bf6 42. a4 Ng7 43. Nxg7 Kxg7 44. Kd3 Kf7 45. a5 bxa5 46. Bxa5 Bd8 47.
c5 dxc5 48. Kc4 Be7 49. Bc3 Bd6 50. Be5 Re7 51. Rh8 h5 52. Rh7+ Kf8 53. Rh8+
Kf7 54. Rd8 Re8 55. Rd7+ Re7 56. Rd8 Re8 1/2-1/2

[Event "SK Rothenburg e.V. 1-SC Bad Windsheim 19"]
[Site "?"]
[Date "2013.02.11"]
[Round "7.6"]
[White "Diller, Marianne"]
[Black "Böllmann, Dierk"]
[Result "1/2-1/2"]
[WhiteElo "1792"]
[BlackElo "1566"]
[PlyCount "67"]
[EventDate "2013.??.??"]
[WhiteTeam "SK Rothenburg e.V. 1"]
[BlackTeam "SC Bad Windsheim 1920 e.V. 1"]

1. d4 Nf6 2. c4 e6 3. Nc3 c5 4. d5 exd5 5. cxd5 d6 6. Bf4 Qa5 7. e3 a6 8. Bc4
Be7 9. Nf3 Bg4 10. O-O Nh5 11. h3 Nxf4 12. hxg4 Ng6 13. Bd3 Nd7 14. Bxg6 hxg6
15. Ne4 Qb4 16. Qc2 Nf6 17. Nxf6+ Bxf6 18. e4 b5 19. Rab1 c4 20. Rfd1 O-O 21.
Qd2 c3 22. bxc3 Qxe4 23. g5 Bd8 24. Rb4 Qf5 25. Rf4 Bxg5 26. Nxg5 Qxg5 27. Rxf7
Qxd2 28. Rxf8+ Rxf8 29. Rxd2 Rc8 30. Rd3 Kf7 31. f3 Rc5 32. Kf2 Kf6 33. Ke3 g5
34. Kd2 1/2-1/2

[Event "SK Rothenburg e.V. 1-SC Bad Windsheim 19"]
[Site "?"]
[Date "2013.02.11"]
[Round "7.8"]
[White "Shen, Julian"]
[Black "Genetzke, Wolf"]
[Result "1-0"]
[WhiteElo "1365"]
[BlackElo "1488"]
[PlyCount "101"]
[EventDate "2013.??.??"]
[WhiteTeam "SK Rothenburg e.V. 1"]
[BlackTeam "SC Bad Windsheim 1920 e.V. 1"]

1. e4 c5 2. Nf3 Nc6 3. d3 g6 4. g3 Bg7 5. Bg2 d6 6. O-O Bg4 7. c3 Qd7 8. Re1 h5
9. h4 Nh6 10. Nbd2 Ne5 11. Nxe5 Bxe5 12. Qc2 Bg7 13. a4 Bh3 14. Nf3 b6 15. e5
Bxg2 16. Kxg2 O-O 17. exd6 exd6 18. d4 Rfe8 19. Bxh6 Bxh6 20. Red1 Qg4 21. a5
b5 22. Qb3 a6 23. Qd5 Qe4 24. Qxd6 Bf8 25. Qf6 Re6 26. Qg5 Rae8 27. Qd2 Rf6 28.
Qd3 Qxd3 29. Rxd3 Re2 30. Rd2 Re8 31. Re1 Rd8 32. dxc5 Rxd2 33. Nxd2 Rf5 34.
Ne4 Kg7 35. Rd1 Re5 36. Rd4 f5 37. Ng5 Bxc5 38. Rd7+ Kg8 39. Kf3 Re1 40. Rd8+
Kg7 41. Ra8 Be7 42. Rxa6 Rb1 43. Ne6+ Kf7 44. Nf4 Bf6 45. Ra7+ Ke8 46. Nd5 Bd8
47. Nc7+ Bxc7 48. Rxc7 Rxb2 49. a6 Ra2 50. a7 Kd8 51. Rb7 1-0

[Event "SpVgg. Zabo-Eintracht N e.V. 1-SC Noris-"]
[Site "?"]
[Date "2013.02.11"]
[Round "7.1"]
[White "Vogiatzis, Dimitrios"]
[Black "Brenner, Christian"]
[Result "0-1"]
[WhiteElo "2107"]
[BlackElo "2064"]
[PlyCount "90"]
[EventDate "2013.??.??"]
[WhiteTeam "SC Noris-Tarrasch N 1873 e.V. 5"]
[BlackTeam "SpVgg. Zabo-Eintracht N e.V. 1"]

1. f4 d5 2. Nf3 g6 3. d4 Nf6 4. e3 Bg7 5. c3 O-O 6. Bd3 c5 7. O-O Qb6 8. a4 a6
9. a5 Qc7 10. Ne5 Nc6 11. b4 cxb4 12. Nxc6 Qxc6 13. cxb4 Bd7 14. Bd2 Rac8 15.
Nc3 Qd6 16. Na4 Bxa4 17. Qxa4 Ne4 18. Be1 f5 19. Bxe4 dxe4 20. Qb3+ e6 21. b5
Qd5 22. Qxd5 exd5 23. Bb4 Rf7 24. b6 Rc4 25. Bc5 Rf6 26. Rfc1 Rxc1+ 27. Rxc1
Rc6 28. Kf1 Kf7 29. Ke2 Bf6 30. Kd2 Ke8 31. Rc3 Kd7 32. Bf8 Rxc3 33. Kxc3 Kc6
34. Kb4 h5 35. Bh6 Bh4 36. g3 Be7+ 37. Ka4 Bf6 38. Kb4 h4 39. Bf8 g5 40. Bh6
Be7+ 41. Ka4 g4 42. Bg5 hxg3 43. hxg3 Bxg5 44. fxg5 Kd6 45. Kb4 Ke6 0-1

[Event "SpVgg. Zabo-Eintracht N e.V. 1-SC Noris-"]
[Site "?"]
[Date "2013.02.11"]
[Round "7.2"]
[White "Link, Andreas"]
[Black "Herlan, Klaus-Jürgen"]
[Result "1/2-1/2"]
[WhiteElo "1970"]
[BlackElo "1971"]
[PlyCount "64"]
[EventDate "2013.??.??"]
[WhiteTeam "SpVgg. Zabo-Eintracht N e.V. 1"]
[BlackTeam "SC Noris-Tarrasch N 1873 e.V. 5"]

1. Nf3 Nf6 2. d4 c5 3. c4 cxd4 4. Nxd4 e5 5. Nc2 b5 6. cxb5 Qa5+ 7. Nc3 d5 8.
e3 Bb7 9. Be2 Nbd7 10. O-O Rc8 11. Bd2 Qc7 12. Rc1 Bd6 13. Na4 Qb8 14. Nb4 O-O
15. Qb3 Ne4 16. Rcd1 Ndf6 17. f3 Nc5 18. Nxc5 Rxc5 19. Nd3 Rc4 20. Nf2 Rh4 21.
g3 e4 22. f4 Rh6 23. Bb4 Nd7 24. Bxd6 Rxd6 25. Qb4 Nf6 26. Qd4 Rfd8 27. Rc1 h6
28. Rc2 a6 29. bxa6 Bxa6 30. Bxa6 Rxa6 31. a4 Qb3 32. Rc3 Qxa4 1/2-1/2

[Event "SpVgg. Zabo-Eintracht N e.V. 1-SC Noris-"]
[Site "?"]
[Date "2013.02.11"]
[Round "7.3"]
[White "Corral, Carlos"]
[Black "Wittmann, Paul"]
[Result "0-1"]
[WhiteElo "1989"]
[BlackElo "2129"]
[PlyCount "76"]
[EventDate "2013.??.??"]
[WhiteTeam "SC Noris-Tarrasch N 1873 e.V. 5"]
[BlackTeam "SpVgg. Zabo-Eintracht N e.V. 1"]

1. e4 c6 2. Nf3 d5 3. exd5 cxd5 4. Ne5 Nc6 5. Bb5 Bd7 6. Nxd7 Qxd7 7. O-O Nf6
8. d4 e6 9. c3 Be7 10. Nd2 O-O 11. Qe2 a6 12. Bd3 b5 13. f4 Qc7 14. Nf3 b4 15.
Ne5 bxc3 16. bxc3 Ne4 17. Bd2 f5 18. Be1 Nxe5 19. Bxe4 fxe4 20. fxe5 Rxf1+ 21.
Qxf1 Qb6 22. Qe2 Rb8 23. Qg4 Qb2 24. Rd1 Kh8 25. h4 Qc2 26. h5 h6 27. Kh2 Bg5
28. Bg3 Rb2 29. Rg1 Be3 30. Bh4 Bxg1+ 31. Kxg1 Rxa2 32. Be7 Qf2+ 33. Kh2 Qf5
34. Qh4 Rf2 35. Bb4 Qf4+ 36. Qxf4 Rxf4 37. Kg3 Rf5 38. Kh4 Kg8 0-1

[Event "SpVgg. Zabo-Eintracht N e.V. 1-SC Noris-"]
[Site "?"]
[Date "2013.02.11"]
[Round "7.4"]
[White "Gebhard, Thomas"]
[Black "Pühn, Georg"]
[Result "1/2-1/2"]
[WhiteElo "2086"]
[BlackElo "1989"]
[PlyCount "30"]
[EventDate "2013.??.??"]
[WhiteTeam "SpVgg. Zabo-Eintracht N e.V. 1"]
[BlackTeam "SC Noris-Tarrasch N 1873 e.V. 5"]

1. Nf3 Nf6 2. d4 e6 3. g3 d5 4. Bg2 c6 5. O-O Bd6 6. b3 O-O 7. c4 b6 8. Qc2
Nbd7 9. cxd5 cxd5 10. Bf4 Bxf4 11. gxf4 Bb7 12. Nbd2 Rc8 13. Qb2 Qc7 14. e3 Qb8
15. Rfc1 Rxc1+ 1/2-1/2

[Event "SpVgg. Zabo-Eintracht N e.V. 1-SC Noris-"]
[Site "?"]
[Date "2013.02.11"]
[Round "7.5"]
[White "Rabenstein, Christian"]
[Black "Schlötterer, Hermann"]
[Result "1-0"]
[WhiteElo "1876"]
[BlackElo "1933"]
[PlyCount "83"]
[EventDate "2013.??.??"]
[WhiteTeam "SC Noris-Tarrasch N 1873 e.V. 5"]
[BlackTeam "SpVgg. Zabo-Eintracht N e.V. 1"]

1. c4 Nf6 2. Nc3 g6 3. g3 Bg7 4. Bg2 O-O 5. e4 e5 6. Nge2 Nc6 7. O-O d6 8. d3
h6 9. h3 Ne8 10. Be3 f5 11. f3 g5 12. Bf2 f4 13. g4 Ne7 14. d4 Ng6 15. Rc1 Kh8
16. b3 Be6 17. dxe5 Nxe5 18. Nd4 Qf6 19. Nd5 Qf7 20. Nf5 h5 21. c5 c6 22. Nde7
d5 23. exd5 cxd5 24. Re1 Bf6 25. Bd4 Nc6 26. Bxf6+ Nxf6 27. Nxc6 bxc6 28. Nd6
Qd7 29. Qe2 Bg8 30. Qe7 Qxe7 31. Rxe7 hxg4 32. hxg4 Bh7 33. Kf2 Kg8 34. Rce1 d4
35. R1e5 Nd5 36. Rxg5+ Kh8 37. Nf7+ Rxf7 38. Rxf7 Rg8 39. Rh5 Rg7 40. Rf8+ Rg8
41. Rxg8+ Kxg8 42. Rxd5 1-0

[Event "SpVgg. Zabo-Eintracht N e.V. 1-SC Noris-"]
[Site "?"]
[Date "2013.02.11"]
[Round "7.6"]
[White "Ziegler, Peter"]
[Black "Zippel, Harald"]
[Result "1-0"]
[WhiteElo "1820"]
[BlackElo "1856"]
[PlyCount "31"]
[EventDate "2013.??.??"]
[WhiteTeam "SpVgg. Zabo-Eintracht N e.V. 1"]
[BlackTeam "SC Noris-Tarrasch N 1873 e.V. 5"]

1. e4 e5 2. f4 d5 3. exd5 exf4 4. Nf3 Qxd5 5. Nc3 Qd8 6. Bc4 Nc6 7. d4 Bd6 8.
O-O Bg4 9. Nb5 Bxf3 10. Qxf3 Qf6 11. Bxf4 O-O-O 12. Qg4+ Kb8 13. Bxd6 Nh6 14.
Bxc7+ Ka8 15. Qg3 Nf5 16. Rxf5 1-0

[Event "SpVgg. Zabo-Eintracht N e.V. 1-SC Noris-"]
[Site "?"]
[Date "2013.02.11"]
[Round "7.7"]
[White "Kelm, Klaus"]
[Black "Keller, Gerhard"]
[Result "1/2-1/2"]
[WhiteElo "1848"]
[BlackElo "1967"]
[PlyCount "73"]
[EventDate "2013.??.??"]
[WhiteTeam "SC Noris-Tarrasch N 1873 e.V. 5"]
[BlackTeam "SpVgg. Zabo-Eintracht N e.V. 1"]

1. Nf3 Nf6 2. g3 d5 3. Bg2 e6 4. O-O Be7 5. d3 O-O 6. Nbd2 Nbd7 7. e4 dxe4 8.
dxe4 c6 9. e5 Ng4 10. Qe2 Nh6 11. Ne4 Nf5 12. c3 Qc7 13. Bf4 Re8 14. Rad1 Qa5
15. a3 Rf8 16. Rfe1 f6 17. exf6 Nxf6 18. Neg5 Nd5 19. Be5 Bxg5 20. Nxg5 Nde3
21. fxe3 Qxe5 22. Nf3 Qc7 23. e4 Qb6+ 24. Qf2 Qxf2+ 25. Kxf2 Nh6 26. Kg1 Nf7
27. Rd2 e5 28. Red1 Bg4 29. h3 Be6 30. g4 Bb3 31. Rf1 Rad8 32. Rff2 Rfe8 33.
Rxd8 Rxd8 34. Rd2 Rxd2 35. Nxd2 Be6 36. Kf2 Kf8 37. Ke3 1/2-1/2

[Event "SpVgg. Zabo-Eintracht N e.V. 1-SC Noris-"]
[Site "?"]
[Date "2013.02.11"]
[Round "7.8"]
[White "Baumann, Mathias"]
[Black "Yarsev, Alexander"]
[Result "1-0"]
[WhiteElo "2006"]
[BlackElo "1714"]
[PlyCount "87"]
[EventDate "2013.??.??"]
[WhiteTeam "SpVgg. Zabo-Eintracht N e.V. 1"]
[BlackTeam "SC Noris-Tarrasch N 1873 e.V. 5"]

1. Nf3 c5 2. c4 Nc6 3. g3 g6 4. Bg2 Bg7 5. O-O e6 6. Na3 d5 7. d3 Nf6 8. Rb1
O-O 9. Bd2 Re8 10. Ne1 b6 11. Nec2 Bb7 12. b4 Qe7 13. Re1 Rad8 14. Qc1 Ba8 15.
h3 dxc4 16. Nxc4 Nd4 17. Nxd4 cxd4 18. Ne5 Bxg2 19. Kxg2 Rc8 20. Nc6 Qd7 21. b5
e5 22. Qc4 Nd5 23. Rec1 e4 24. dxe4 Rxe4 25. f3 Re6 26. Kf2 Rce8 27. Re1 Ne7
28. Nb4 Rf6 29. Kg2 Nf5 30. Rbd1 Rfe6 31. Nc6 Be5 32. Nxe5 Rxe5 33. Bf4 h6 34.
Qd3 R5e7 35. e4 g5 36. Bc1 Qc7 37. f4 gxf4 38. Bxf4 Qd7 39. Rf1 Nd6 40. Qxd4
Qxb5 41. Qxd6 Qb2+ 42. Rd2 Qg7 43. Bxh6 Qh7 44. Qxe7 1-0

[Event "TSV Cadolzburg e.V. 1-SC Heilsbronn 1"]
[Site "?"]
[Date "2013.02.11"]
[Round "7.1"]
[White "Münster, Manfred"]
[Black "Hörmann, Gunther"]
[Result "1/2-1/2"]
[WhiteElo "1916"]
[BlackElo "2073"]
[PlyCount "91"]
[EventDate "2013.??.??"]
[WhiteTeam "SC Heilsbronn 1"]
[BlackTeam "TSV Cadolzburg e.V. 1"]

1. e4 c5 2. b4 cxb4 3. Bb2 Nc6 4. Nf3 d5 5. exd5 Qxd5 6. c4 Qe4+ 7. Be2 Bf5 8.
d3 Qf4 9. O-O Nf6 10. d4 e6 11. d5 O-O-O 12. Qb3 exd5 13. cxd5 Nxd5 14. Bb5 Qc7
15. Rc1 Kb8 16. Nbd2 Bd6 17. Nc4 f6 18. Bxc6 bxc6 19. Nxd6 Rxd6 20. Nd4 Bd7 21.
Nb5 cxb5 22. Rxc7 Kxc7 23. Qg3 Nc3 24. Bxc3 bxc3 25. Qxc3+ Bc6 26. Rc1 Rhd8 27.
h3 Rd1+ 28. Rxd1 Rxd1+ 29. Kh2 Rd7 30. Qb4 Kb6 31. Qf4 a5 32. Qe3+ Kb7 33. Qc5
Rd2 34. a4 bxa4 35. Qxa5 Rxf2 36. Qb4+ Ka6 37. Qc4+ Kb7 38. Qb4+ Kc8 39. Qf8+
Kd7 40. Qf7+ Kd6 41. Qf8+ Kd5 42. Qf7+ Kd6 43. Qf8+ Kc7 44. Qe7+ Kc8 45. Qf8+
Kb7 46. Qb4+ 1/2-1/2

[Event "TSV Cadolzburg e.V. 1-SC Heilsbronn 1"]
[Site "?"]
[Date "2013.02.11"]
[Round "7.2"]
[White "Veh-Hölzlein, Michael"]
[Black "Planner, Jörg"]
[Result "1-0"]
[WhiteElo "2211"]
[BlackElo "1847"]
[PlyCount "59"]
[EventDate "2013.??.??"]
[WhiteTeam "TSV Cadolzburg e.V. 1"]
[BlackTeam "SC Heilsbronn 1"]

1. e4 c5 2. Nf3 Nc6 3. c4 e6 4. Nc3 Nf6 5. d4 cxd4 6. Nxd4 Bb4 7. Nxc6 Bxc3+ 8.
bxc3 bxc6 9. e5 Ne4 10. Bd3 Qa5 11. O-O Nc5 12. Be3 Nxd3 13. Qxd3 Qxe5 14. Bd4
Qg5 15. f4 Qg4 16. Bc5 d5 17. cxd5 cxd5 18. Rae1 Rb8 19. Rf2 Kd7 20. Qd4 Bb7
21. Qe5 Rhd8 22. Rb1 f6 23. Qd4 Qf5 24. Qa4+ Kc7 25. Rfb2 d4 26. Bxa7 Bc6 27.
Bxb8+ Rxb8 28. Qa7+ Rb7 29. Rxb7+ Kd6 30. Qxd4+ 1-0

[Event "TSV Cadolzburg e.V. 1-SC Heilsbronn 1"]
[Site "?"]
[Date "2013.02.11"]
[Round "7.3"]
[White "Horneber, Thomas"]
[Black "Schraufl, Wolfhardt"]
[Result "1/2-1/2"]
[WhiteElo "1948"]
[BlackElo "2108"]
[PlyCount "84"]
[EventDate "2013.??.??"]
[WhiteTeam "SC Heilsbronn 1"]
[BlackTeam "TSV Cadolzburg e.V. 1"]

1. d4 d6 2. Nf3 Nd7 3. Bg5 g6 4. e4 Bg7 5. Bc4 c6 6. c3 b5 7. Bb3 h6 8. Bh4 Qc7
9. O-O a6 10. Bg3 e5 11. Nbd2 Ne7 12. Re1 O-O 13. Nf1 c5 14. Rc1 c4 15. Bc2 Bb7
16. Bh4 Nf6 17. Qd2 Kh7 18. Rcd1 Rad8 19. h3 g5 20. Bg3 Nh5 21. h4 f6 22. Qe2
Nf4 23. Bxf4 gxf4 24. g3 Kh8 25. dxe5 fxe5 26. g4 Qd7 27. N1h2 Qe6 28. Kh1 d5
29. exd5 Bxd5 30. Be4 Qc6 31. Kg1 Bxe4 32. Rxd8 Rxd8 33. Qxe4 Qxe4 34. Rxe4
Rd1+ 35. Kg2 Nc6 36. h5 Bf6 37. a4 Kg7 38. axb5 axb5 39. Re2 Kf7 40. Nd2 Be7
41. Nhf3 Bf6 42. Ne4 Rd5 1/2-1/2

[Event "TSV Cadolzburg e.V. 1-SC Heilsbronn 1"]
[Site "?"]
[Date "2013.02.11"]
[Round "7.4"]
[White "Straschewski, Jörg"]
[Black "Münster, Erich"]
[Result "1-0"]
[WhiteElo "2008"]
[BlackElo "1996"]
[PlyCount "81"]
[EventDate "2013.??.??"]
[WhiteTeam "TSV Cadolzburg e.V. 1"]
[BlackTeam "SC Heilsbronn 1"]

1. d4 Nf6 2. c4 g6 3. Nc3 Bg7 4. e4 d6 5. f3 O-O 6. Be3 Nc6 7. Qd2 e5 8. d5 Ne7
9. g4 Ne8 10. O-O-O f5 11. gxf5 gxf5 12. Kb1 Nf6 13. c5 Ng6 14. cxd6 cxd6 15.
Bd3 f4 16. Bf2 Rf7 17. Rc1 Nh5 18. Nge2 Kh8 19. Qe1 Bh3 20. Rg1 Bf6 21. Rxg6
hxg6 22. Qg1 Kh7 23. Bxa7 Bd7 24. Bb5 Qe8 25. a4 Rc8 26. Qb6 Bxb5 27. Nxb5
Rxc1+ 28. Kxc1 Qd8 29. Nxd6 Qxb6 30. Bxb6 Rd7 31. Nc4 Ng7 32. Ba5 Ne8 33. Bc3
Re7 34. Kd2 Kg7 35. Nc1 Kf7 36. Nd3 g5 37. d6 Re6 38. d7 Nd6 39. Ncxe5+ Ke7 40.
Ng6+ Kxd7 41. Nc5+ 1-0

[Event "TSV Cadolzburg e.V. 1-SC Heilsbronn 1"]
[Site "?"]
[Date "2013.02.11"]
[Round "7.5"]
[White "Lunz, Dieter"]
[Black "Trümpelmann, Jochen"]
[Result "1/2-1/2"]
[WhiteElo "1969"]
[BlackElo "1911"]
[PlyCount "42"]
[EventDate "2013.??.??"]
[WhiteTeam "SC Heilsbronn 1"]
[BlackTeam "TSV Cadolzburg e.V. 1"]

1. e4 e5 2. Nf3 Nc6 3. Bb5 a6 4. Ba4 Nf6 5. O-O Nxe4 6. Re1 Nc5 7. Nxe5 Nxe5 8.
Rxe5+ Be7 9. Nc3 O-O 10. d4 Nxa4 11. Nxa4 d5 12. Qf3 c6 13. c3 Bd6 14. Re1 Qh4
15. g3 Qh3 16. Qg2 Qh5 17. f4 Bg4 18. Bd2 Bf3 19. Qf2 f5 20. b4 Rf6 21. Nc5
Bxc5 1/2-1/2

[Event "TSV Cadolzburg e.V. 1-SC Heilsbronn 1"]
[Site "?"]
[Date "2013.02.11"]
[Round "7.6"]
[White "Hofer, Stefan"]
[Black "Röschinger, Udo"]
[Result "1/2-1/2"]
[WhiteElo "1810"]
[BlackElo "2015"]
[PlyCount "78"]
[EventDate "2013.??.??"]
[WhiteTeam "TSV Cadolzburg e.V. 1"]
[BlackTeam "SC Heilsbronn 1"]

1. e4 c5 2. d4 e6 3. d5 e5 4. Nf3 d6 5. Bb5+ Bd7 6. Be2 g6 7. O-O Bg7 8. Be3
Nf6 9. Nc3 O-O 10. Nd2 Ne8 11. a4 f5 12. f3 Na6 13. Bb5 Nac7 14. Bxd7 Qxd7 15.
Qe2 Nf6 16. Qc4 f4 17. Bf2 Rfb8 18. Ra3 g5 19. Nb5 b6 20. Nxc7 Qxc7 21. Rfa1
Qd7 22. h3 Kf7 23. Qb5 Ke7 24. Qxd7+ Kxd7 25. Kf1 h5 26. Ke2 Rh8 27. Rh1 g4 28.
Bh4 gxf3+ 29. gxf3 Nh7 30. Raa1 Rhg8 31. Rag1 Bf6 32. Bxf6 Nxf6 33. h4 Rxg1 34.
Rxg1 Rg8 35. Kf2 a6 36. c3 Kc7 37. Rxg8 Nxg8 38. b4 Ne7 39. Kg2 Ng6 1/2-1/2

[Event "TSV Cadolzburg e.V. 1-SC Heilsbronn 1"]
[Site "?"]
[Date "2013.02.11"]
[Round "7.7"]
[White "Heinz, Manfred"]
[Black "Metzenroth, Dieter"]
[Result "0-1"]
[WhiteElo "1831"]
[BlackElo "1782"]
[PlyCount "82"]
[EventDate "2013.??.??"]
[WhiteTeam "SC Heilsbronn 1"]
[BlackTeam "TSV Cadolzburg e.V. 1"]

1. Nf3 g6 2. e4 Bg7 3. Bc4 c5 4. Nc3 Nc6 5. O-O e6 6. Nb5 d6 7. d4 a6 8. d5
axb5 9. Bxb5 Nge7 10. dxc6 bxc6 11. Be2 O-O 12. c3 d5 13. Qc2 Ba6 14. Bxa6 Rxa6
15. Rd1 Qa8 16. a3 c4 17. Be3 Ra5 18. Bd4 Rb8 19. Be5 Bxe5 20. Nxe5 Qb7 21. Rd2
Rb5 22. Rb1 Rb3 23. a4 Ra8 24. Ra1 Rb8 25. Ra2 f6 26. Nf3 e5 27. h4 Kg7 28. Re2
h5 29. Rd2 Qd7 30. a5 Qa7 31. Qd1 R8b5 32. a6 Rb6 33. exd5 cxd5 34. Qa1 Rd6 35.
Ra5 Rbb6 36. Qa4 Rxa6 37. Rxa6 Rxa6 38. Qe8 Qb7 39. Qd8 Ra7 40. Qd6 Qc7 41. Qe6
Ra1+ 0-1

[Event "TSV Cadolzburg e.V. 1-SC Heilsbronn 1"]
[Site "?"]
[Date "2013.02.11"]
[Round "7.8"]
[White "Koch, Walter"]
[Black "Steinmetz, Thomas"]
[Result "1-0"]
[WhiteElo "1814"]
[BlackElo "1813"]
[PlyCount "39"]
[EventDate "2013.??.??"]
[WhiteTeam "TSV Cadolzburg e.V. 1"]
[BlackTeam "SC Heilsbronn 1"]

1. e4 e6 2. d4 d5 3. exd5 exd5 4. Bd3 Bd6 5. Nf3 Ne7 6. O-O Bf5 7. Bxf5 Nxf5 8.
Re1+ Ne7 9. c4 dxc4 10. Qa4+ Nd7 11. Bg5 f6 12. Nc3 O-O 13. Qxc4+ Kh8 14. Be3
Nb6 15. Qb3 Ned5 16. Nxd5 Nxd5 17. Kf1 Nxe3+ 18. Rxe3 b6 19. Nh4 f5 20. Ng6+
1-0

[Event "SK Nürnberg 1911 e.V. 2-SF Fürth 1951 e."]
[Site "?"]
[Date "2013.02.11"]
[Round "7.1"]
[White "Koschka, Günther"]
[Black "Götz, Dieter"]
[Result "0-1"]
[WhiteElo "1895"]
[BlackElo "1931"]
[PlyCount "84"]
[EventDate "2013.??.??"]
[WhiteTeam "SF Fürth 1951 e.V. 2"]
[BlackTeam "SK Nürnberg 1911 e.V. 2"]

1. e4 d6 2. d4 Nf6 3. Bd3 e5 4. dxe5 dxe5 5. Nf3 Nbd7 6. O-O Bc5 7. c4 O-O 8.
Nc3 c6 9. Qe2 a5 10. b3 Qe7 11. Na4 Bd6 12. Bb2 Re8 13. Rac1 b6 14. Rfd1 Bc7
15. Qc2 Nf8 16. Rb1 Bg4 17. Be2 Ng6 18. Bc1 Nf4 19. Nc3 N6h5 20. h3 Bc8 21. Be3
Qf6 22. Kh1 Nxe2 23. Qxe2 Nf4 24. Qf1 Qg6 25. Ng1 Qh5 26. f3 Re6 27. Bxf4 exf4
28. Qf2 Rh6 29. Qf1 Be6 30. Rd2 g5 31. Rbd1 g4 32. fxg4 Bxg4 33. Re1 Qe5 34.
Rd3 f3 35. Nxf3 Bxf3 36. Kg1 Qh2+ 37. Kf2 Bg3+ 38. Ke3 Bxg2 39. Qg1 Qxh3 40.
Kd2 Bxe1+ 41. Qxe1 Qh2 42. Rg3+ Rg6 0-1

[Event "SK Nürnberg 1911 e.V. 2-SF Fürth 1951 e."]
[Site "?"]
[Date "2013.02.11"]
[Round "7.2"]
[White "Hannweber, Markus"]
[Black "Koschka, Robert"]
[Result "1/2-1/2"]
[WhiteElo "2029"]
[BlackElo "1869"]
[PlyCount "49"]
[EventDate "2013.??.??"]
[WhiteTeam "SK Nürnberg 1911 e.V. 2"]
[BlackTeam "SF Fürth 1951 e.V. 2"]

1. e4 e5 2. Nf3 Nc6 3. Bc4 Nf6 4. d3 d5 5. exd5 Nxd5 6. h3 Be7 7. O-O Be6 8.
Re1 Qd6 9. Ng5 Bxg5 10. Bxg5 f6 11. Bd2 O-O 12. Nc3 Nxc3 13. Bxe6+ Qxe6 14.
Bxc3 Qd5 15. Qe2 Nd4 16. Bxd4 Qxd4 17. Qe4 Qxe4 18. Rxe4 Rad8 19. Rae1 Rd7 20.
f4 exf4 21. Rxf4 Rfd8 22. Rfe4 Kf7 23. Kf2 Kf8 24. Kf3 Rd4 25. Re7 1/2-1/2

[Event "SK Nürnberg 1911 e.V. 2-SF Fürth 1951 e."]
[Site "?"]
[Date "2013.02.11"]
[Round "7.3"]
[White "Körber, Thomas"]
[Black "Leibing, Kai-Ingo"]
[Result "1/2-1/2"]
[WhiteElo "1947"]
[BlackElo "1779"]
[PlyCount "41"]
[EventDate "2013.??.??"]
[WhiteTeam "SF Fürth 1951 e.V. 2"]
[BlackTeam "SK Nürnberg 1911 e.V. 2"]

1. Nf3 d6 2. d4 Nf6 3. c4 c6 4. Nc3 Bg4 5. e4 e6 6. g3 Nbd7 7. Bg2 Be7 8. Qc2
Qc7 9. Be3 a6 10. O-O O-O 11. b4 e5 12. dxe5 dxe5 13. c5 Rac8 14. Nd2 b6 15.
cxb6 Nxb6 16. Na4 Nxa4 17. Qxa4 Qb7 18. Rab1 Be2 19. Rfc1 Bd3 20. Rb2 Rfd8 21.
Qb3 1/2-1/2

[Event "SK Nürnberg 1911 e.V. 2-SF Fürth 1951 e."]
[Site "?"]
[Date "2013.02.11"]
[Round "7.4"]
[White "Hennig, Andreas"]
[Black "Holzschuh, Tobias"]
[Result "1-0"]
[WhiteElo "1755"]
[BlackElo "1671"]
[PlyCount "55"]
[EventDate "2013.??.??"]
[WhiteTeam "SK Nürnberg 1911 e.V. 2"]
[BlackTeam "SF Fürth 1951 e.V. 2"]

1. d4 d5 2. c4 c6 3. Nc3 Nf6 4. Bf4 e6 5. e3 Bd6 6. Bxd6 Qxd6 7. Nf3 Nbd7 8. c5
Qc7 9. b4 O-O 10. Bd3 Re8 11. O-O e5 12. Nd2 e4 13. Be2 Nf8 14. Re1 Bf5 15. b5
Bg6 16. a4 N6d7 17. a5 f5 18. Qa4 Ne6 19. a6 Nd8 20. axb7 Qxb7 21. bxc6 Nxc6
22. Reb1 Qc8 23. Ba6 Qc7 24. Nxd5 Qd8 25. Qxc6 Nf8 26. Nc7 Rc8 27. Bxc8 Qxc8
28. Rxa7 1-0